[Event "GER-chT U20"]
[Site "Braunschweig"]
[Date "2019.12.27"]
[Round "2.5"]
[White "Kaiser, Frederic"]
[Black "Jurga, Jonas Vincent"]
[Result "0-1"]
[WhiteElo "1901"]
[BlackElo "1896"]
[PlyCount "98"]
[EventDate "2019.12.27"]
[EventType "team-swiss"]
[EventRounds "7"]
[EventCountry "GER"]
[SourceTitle "CBM 194 Extra"]
[Source "ChessBase"]
[SourceDate "2020.03.31"]
[SourceVersion "1"]
[SourceVersionDate "2020.03.31"]
[SourceQuality "1"]
[WhiteTeam "Bensheim"]
[BlackTeam "Baden-Baden"]
[WhiteTeamCountry "GER"]
[BlackTeamCountry "GER"]

1. e4 c5 2. Nf3 d6 3. Bb5+ Bd7 4. Bxd7+ Qxd7 5. 0-0 g6 6. c3 Bg7 7. d4 cxd4 8. cxd4 Nf6 9. Nc3 0-0 10. Bg5 Nc6 11. Qd2 Rfd8 12. Rfe1 a6 13. Nd5 Rab8 14. Bxf6 exf6 15. Qf4 f5 16. exf5 Qxf5 17. Qxf5 gxf5 18. Ne7+ Nxe7 19. Rxe7 Kf8 20. Rc7 Bf6 21. Rac1 Ke8 22. Kf1 Rd7 23. Ke2 Kd8 24. R7c2 Re7+ 25. Kd3 h6 26. g3 Bg5 27. Re1 Bf6 28. Rec1 Bg5 29. Re1 Rxe1 30. Nxe1 f4 31. Ke4 fxg3 32. hxg3 Kd7 33. Kf5 Be7 34. Nd3 Rg8 35. Rc1 Rg5+ 36. Kf4 Ra5 37. Rh1 Bg5+ 38. Kg4 Rxa2 39. f4 Bf6 40. Rxh6 Bxd4 41. Rh2 a5 42. Kf5 a4 43. Rh7 Ke8 44. Rh6 Ke7 45. g4 Ra1 46. Ke4 Bxb2 47. Nxb2 a3 48. Rh2 Re1+ 49. Kd3 a2 0-1